<?xml version="1.0" encoding="UTF-8"?>
<record
    xmlns:xsi="http://www.w3.org/2001/XMLSchema-instance"
    xsi:schemaLocation="http://www.loc.gov/MARC21/slim http://www.loc.gov/standards/marcxml/schema/MARC21slim.xsd"
    xmlns="http://www.loc.gov/MARC21/slim">

  <leader>00756nam a2200229 a 4500</leader>
  <controlfield tag="001">BRCA_2573</controlfield>
  <controlfield tag="005">20190320203854.0</controlfield>
  <controlfield tag="008">271108c1878----enk#---###---#000-0#eng-#</controlfield>
  <datafield tag="050" ind1=" " ind2="4">
    <subfield code="a">NE670</subfield>
    <subfield code="b">.M53R4 1878</subfield>
  </datafield>
  <datafield tag="100" ind1="1" ind2=" ">
    <subfield code="a">Middleton-Wake, Charles Henry</subfield>
    <subfield code="9">7356</subfield>
  </datafield>
  <datafield tag="245" ind1="1" ind2="0">
    <subfield code="a">A descriptive catalogue of the etched work of Rembrandt van Rhyn</subfield>
    <subfield code="c">by Charles Henry Middleton.</subfield>
  </datafield>
  <datafield tag="260" ind1=" " ind2=" ">
    <subfield code="a">London</subfield>
    <subfield code="b">J. Murray</subfield>
    <subfield code="c">1878</subfield>
  </datafield>
  <datafield tag="300" ind1=" " ind2=" ">
    <subfield code="a">341 p.</subfield>
    <subfield code="b">il., l&#xE1;minas</subfield>
    <subfield code="c">24 cm.</subfield>
  </datafield>
  <datafield tag="500" ind1=" " ind2=" ">
    <subfield code="a">Incluye ap&#xE9;ndices e &#xED;ndice alfabetico</subfield>
  </datafield>
  <datafield tag="500" ind1=" " ind2=" ">
    <subfield code="a">A61</subfield>
  </datafield>
  <datafield tag="504" ind1=" " ind2=" ">
    <subfield code="a">Bibliograf&#xED;a : p. 325</subfield>
  </datafield>
  <datafield tag="600" ind1="1" ind2="4">
    <subfield code="a">Rembrandt Harmenszoon van Rijn</subfield>
    <subfield code="d">1607-1669</subfield>
    <subfield code="9">7357</subfield>
  </datafield>
  <datafield tag="650" ind1="1" ind2="4">
    <subfield code="a">Aguafuertistas holandeses</subfield>
    <subfield code="9">7358</subfield>
  </datafield>
  <datafield tag="650" ind1="1" ind2="4">
    <subfield code="a">Aguafuertes</subfield>
    <subfield code="v">Cat&#xE1;logos</subfield>
    <subfield code="9">7359</subfield>
  </datafield>
  <datafield tag="902" ind1=" " ind2=" ">
    <subfield code="a">GFM</subfield>
  </datafield>
  <datafield tag="942" ind1=" " ind2=" ">
    <subfield code="2">lcc</subfield>
    <subfield code="c">B</subfield>
  </datafield>
  <datafield tag="999" ind1=" " ind2=" ">
    <subfield code="c">2313</subfield>
    <subfield code="d">2313</subfield>
  </datafield>
  <datafield tag="952" ind1=" " ind2=" ">
    <subfield code="0">0</subfield>
    <subfield code="1">0</subfield>
    <subfield code="4">0</subfield>
    <subfield code="7">0</subfield>
    <subfield code="a">BRCA</subfield>
    <subfield code="b">BRCA</subfield>
    <subfield code="d">2008-11-27</subfield>
    <subfield code="i">A61</subfield>
    <subfield code="l">0</subfield>
    <subfield code="o">NE670 .M53R4 1878 (A61)</subfield>
    <subfield code="p">2570</subfield>
    <subfield code="r">2019-03-22 00:00:00</subfield>
    <subfield code="w">2019-03-22</subfield>
    <subfield code="y">B</subfield>
  </datafield>
</record>
